000 02300cam a22004694i 4500
003 PE-LiUPU
005 20250731184559.0
008 150616s r 000 0 d
035 _a(Sirsi) a5105
040 _aPE-LiUPU
_bspa
_cPE-LiUPU
_erda
049 _aPRUA
082 0 4 _a918.1104
_bF78
_221
100 1 _aFountain, Paul,
_eautor.
245 1 4 _aThe river Amazon :
_bfrom its sources to the sea /
_cPaul Fountain.
264 1 _aLondon :
_bConstable & Company,
_c1914.
300 _a321 páginas :
_bilustraciones ;
_c23 cm.
336 _atext
_2rdacontent
337 _aunmediated
_2rdamedia
338 _avolume
_2rdacarrier
500 _aAdjunto: un plano continental del rio Amazonas, elaborado por el capáginas Thomas W. Whiffen.
505 0 _aThe discovery of the Amazon -- The sources of the Amazon -- The upper Marañon -- The Downward Rush to the great forest -- The Ucayali -- The search for the Head-waters -- The Head-waters of the purus -- More about the Head-waters -- Some other Head-waters of the Amazon -- Attempted ascents of Cotopaxi and Antisana -- The plains of Ecuador and Colombia -- Natural history of the upper Amazon -- A voyage up the Purus -- Continuation of the voyage on the Purus -- Conclusion of the voyage on the Purus -- The country between Purus and Tapajos -- The country between Tapajos and Araguay -- Valleys of Araguay and Tocantins -- The cordillera grande Region -- High up the Amazon river -- Five hundred miles down stream -- The lower reaches of the Amazon.
526 _aP136
526 _aP135
526 _aP134
526 _aP133
526 _aP144
526 _aP143
526 _aP87
526 _aP35
526 _aP20
526 _aP14
526 _aP10
526 _aP06
650 0 4 _aAmazonas (Río)
_xDescripciones y viajes.
910 _ajck
_bjvq
_cjck
942 _2ddc
_cBOOK
949 _a918.1104 F78
_wDEWEY
_c1
_i22539
_lCCODEBUL1
_mBUL
_p00.00
_r0
_sY
_tBOOK
_u19840317
_xEDUCACION
_PP20
_0COMPRA
_o.STAFF. Colección General
994 _aC0
_bPEPRU
596 _a1
999 _a918.1104 F78
_wDEWEY
_c53542
_i22539
_f2021-11-8
_g5
_lCCODEBUL1
_mBUL
_r0
_sY
_tBOOK
_u2015-6-16
_xBIBLIOTECA
_PP20
_0COMPRA
_o.STAFF. Colección General
_d53542
980 _81
_gALBERTO SANCHEZ Responsable de Automatización